000 00758nam a2200229 a 4500
001 000018405
005 20200929165508.0
008 100504s1940 sp 000 0 spa d
040 _aDO-SdBNP
082 _a242
_bA958e
100 1 _aÁvila, Juan de,
_cSanto,
_d1500-1569
_939847
245 1 0 _aEpistolario espiritual /
_cBeato Juan de Ávila ; edición y notas de Vicente García de Diego.
260 _aMadrid :
_bEspasa-Calpe,
_c1940.
300 _a255 p. ;
_c19 cm.
490 1 _aClásicos castellanos
_v11
650 4 _aEntremes (literatura)
_939848
650 4 _aLiteratura cristiana española
_939849
700 1 _aGarcía de Diego, Vicente,
_eed.
_d1878-1978
_939850
830 0 _aClásicos castellanos ;
_v11
_94180
910 _aWM
049 _aBNGR
999 _c17926
_d17926